[Event "Xtracon Chess Open 2018"]
[Site "Elsinore"]
[Date "2018.07.29"]
[Round "10"]
[White "Grove, Peter"]
[Black "Schrodt, Sebastian"]
[Result "1/2-1/2"]
[WhiteElo "2202"]
[BlackElo "1955"]
[EventDate "2018.07.21"]
[WhiteFideId "1411101"]
[BlackFideId "24675563"]

1.d4 Nf6 2.Nc3 d6 3.e4 e5 4.Nf3 exd4 5.Nxd4 Be7 6.Be2 O-O 7.Bf4 c6 8.Qd2 
b5 9.a3 a6 10.Bf3 Qc7 11.O-O Ng4 12.Bg3 Ne5 13.Be2 Be6 14.b3 c5 15.Nxe6 
fxe6 16.Nd5 exd5 17.Qxd5+ Kh8 18.Qxa8 Nec6 19.a4 Nd4 20.axb5 Nxe2+ 21.Kh1 
axb5 22.Ra7 Nxg3+ 23.hxg3 Qd8 24.Qb7 Bf6 25.Qxb5 Be5 26.Rb7 Qe8 27.Qxe8 
Rxe8 28.Rd1 g5 29.f4 gxf4 30.gxf4 Bxf4 31.Rf1 Be5 32.Rff7 Nc6 33.Rxh7+ 
1/2-1/2

[Event "Xtracon Chess Open 2018"]
[Site "Elsinore"]
[Date "2018.07.29"]
[Round "10"]
[White "Colbow, Collin"]
[Black "Thannheiser, Thomas"]
[Result "1/2-1/2"]
[WhiteElo "2055"]
[BlackElo "2201"]
[EventDate "2018.07.21"]
[WhiteFideId "16201132"]
[BlackFideId "4691059"]

1.e4 c5 2.Nf3 d6 3.d4 cxd4 4.Nxd4 Nf6 5.Nc3 Nc6 6.Bg5 e6 7.Qd2 a6 8.f3 h6 
9.Be3 Bd7 10.O-O-O Rc8 11.g4 Nxd4 12.Bxd4 Be7 13.h4 Qa5 14.Kb1 e5 15.Be3 
Be6 16.Nd5 Qxd2 17.Nxf6+ Bxf6 18.Rxd2 1/2-1/2

[Event "Xtracon Chess Open 2018"]
[Site "Elsinore"]
[Date "2018.07.29"]
[Round "10"]
[White "Acikel, Mert"]
[Black "Weber, Samuel"]
[Result "1/2-1/2"]
[WhiteElo "2040"]
[BlackElo "2197"]
[EventDate "2018.07.21"]
[WhiteFideId "12956465"]
[BlackFideId "12924008"]

1.e4 e5 2.Nf3 Nc6 3.Bc4 Bc5 4.c3 Nf6 5.d3 O-O 6.O-O d5 7.exd5 Nxd5 8.a4 a6
9.Nbd2 Kh8 10.Re1 f6 11.d4 Ba7 12.dxe5 fxe5 13.Ne4 Nf6 14.Qxd8 Nxd8 15.
Nxe5 Nxe4 16.Rxe4 Bxf2+ 17.Kh1 Be6 18.Bg5 Bxc4 19.Nxc4 Nc6 20.Bf4 b5 21.
axb5 axb5 22.Rxa8 Rxa8 23.Na3 g5 24.Bxg5 Bc5 25.g3 Bxa3 26.bxa3 Rxa3 27.
Bh6 Kg8 28.Rf4 Ra8 29.Rg4+ Kh8 30.Bg7+ Kg8 31.Bh6+ Kh8 32.Bg7+ Kg8 33.Bh6+
Kf7 34.Rg7+ Ke6 35.Rxc7 Ne5 36.Bf4 Ra1+ 37.Kg2 Ra2+ 38.Kh3 Nf3 39.Rc5 h5 
40.Rxh5 Rxh2+ 41.Kg4 Rxh5 42.Kxh5 Kf5 43.Bd6 Nh2 44.Kh4 Ng4 45.Bf4 1/2-1/2

[Event "Xtracon Chess Open 2018"]
[Site "Elsinore"]
[Date "2018.07.29"]
[Round "10"]
[White "Roder, Peter Ulrik"]
[Black "Jaksland, Tim"]
[Result "0-1"]
[WhiteElo "2021"]
[BlackElo "2185"]
[EventDate "2018.07.21"]
[WhiteFideId "1402471"]
[BlackFideId "1401084"]

1.d4 Nf6 2.c4 c5 3.d5 b5 4.cxb5 a6 5.Nc3 axb5 6.e4 b4 7.Nb5 d6 8.Bf4 g5 9.
Bxg5 Nxe4 10.Bf4 Nf6 11.Bc4 Bg7 12.Nf3 O-O 13.O-O Nbd7 14.a4 Nb6 15.Qb3 
Bb7 16.Rfd1 Qd7 17.Bg5 Ra5 18.Bxf6 Bxf6 19.Rd3 Kh8 20.Ra2 Rg8 21.Nd2 Raa8 
22.Rg3 Qf5 23.Rf3 Qg5 24.Ne4 Qxg2# 0-1

[Event "Xtracon Chess Open 2018"]
[Site "Elsinore"]
[Date "2018.07.29"]
[Round "10"]
[White "Khlopushin, Dmitriy"]
[Black "Leutwyler, Martin"]
[Result "1-0"]
[WhiteElo "2000"]
[BlackElo "2185"]
[EventDate "2018.07.21"]
[WhiteFideId "44147864"]
[BlackFideId "1301969"]

1.e4 Nf6 2.e5 Nd5 3.d4 d6 4.Nf3 dxe5 5.dxe5 Bg4 6.Bc4 e6 7.O-O Nc6 8.Re1 
Ndb4 9.Bd2 Bc5 10.a3 Bxf3 11.gxf3 Qh4 12.Be3 Qxc4 13.axb4 Qxb4 14.b3 Rd8 
15.Qe2 Bxe3 16.fxe3 Nxe5 17.Rf1 a6 18.Ra4 Qc5 19.f4 Ng6 20.Rc4 Qe7 21.Qg2 
c5 22.Re4 f5 23.Ra4 O-O 24.Nd2 e5 25.fxe5 Qxe5 26.Nf3 Qxe3+ 27.Kh1 Nf4 28.
Qg3 Qe2 29.Re1 Qxc2 30.Rxf4 Qxb3 31.Rg1 Rd7 32.Rh4 c4 33.Rxh7 Kxh7 34.Qg6+
Kg8 35.Ng5 Rfd8 36.Qh7+ Kf8 37.Qxf5+ Ke7 38.Qe6+ 1-0

[Event "Xtracon Chess Open 2018"]
[Site "Elsinore"]
[Date "2018.07.29"]
[Round "10"]
[White "Greeuw, Sietske"]
[Black "Tiarks, Jann-Christian"]
[Result "1/2-1/2"]
[WhiteElo "1998"]
[BlackElo "2179"]
[EventDate "2018.07.21"]
[WhiteFideId "1020285"]
[BlackFideId "12951595"]

1.e4 c5 2.c3 d5 3.exd5 Qxd5 4.d4 Nf6 5.Nf3 Bg4 6.Be2 e6 7.O-O Be7 8.Na3 
Nc6 9.Be3 cxd4 10.Nb5 Qd8 11.Nbxd4 Nxd4 12.Nxd4 Bxe2 13.Qxe2 O-O 1/2-1/2

[Event "Xtracon Chess Open 2018"]
[Site "Elsinore"]
[Date "2018.07.29"]
[Round "10"]
[White "Schmitt, Carsten"]
[Black "Andersen, Morten"]
[Result "0-1"]
[WhiteElo "1997"]
[BlackElo "2174"]
[EventDate "2018.07.21"]
[WhiteFideId "24675253"]
[BlackFideId "1504908"]

1.c4 e5 2.g3 c6 3.d4 e4 4.Nc3 d5 5.Nh3 h6 6.Bg2 Nf6 7.cxd5 cxd5 8.O-O Nc6 
9.f3 exf3 10.exf3 Be7 11.Be3 O-O 12.Qd2 Re8 13.Rfe1 Bf5 14.Nf4 Na5 15.b3 
Rc8 16.Nd3 Nc6 17.Rac1 Ba3 18.Rcd1 Nb4 19.Bf1 Qa5 20.Nb1 Rc2 21.Nxa3 Rxd2 
22.Bxd2 Bxd3 0-1

[Event "Xtracon Chess Open 2018"]
[Site "Elsinore"]
[Date "2018.07.29"]
[Round "10"]
[White "Larsen, Jens Evald"]
[Black "Jacobsen, Per"]
[Result "1-0"]
[WhiteElo "1433"]
[BlackElo "1590"]
[EventDate "2018.07.21"]
[WhiteFideId "1409603"]
[BlackFideId "1413856"]

1.d4 d5 2.c4 c6 3.e3 e6 4.Nf3 f5 5.Bd3 Nf6 6.O-O Bd6 7.b3 O-O 8.Ba3 Ne4 9.
Bxd6 Qxd6 10.Nfd2 Nd7 11.f3 Nxd2 12.Nxd2 Nf6 13.cxd5 exd5 14.Qc2 g6 15.Qc5
Qc7 16.Rac1 f4 17.e4 dxe4 18.Nxe4 Bf5 19.Nxf6+ Rxf6 20.Bc4+ Kg7 21.Rfe1 
Kh6 22.Re7 Qa5 23.Qxa5 1-0

[Event "Xtracon Chess Open 2018"]
[Site "Elsinore"]
[Date "2018.07.29"]
[Round "10"]
[White "Munshi, Aditya"]
[Black "Jorgensen, Dennis"]
[Result "1/2-1/2"]
[WhiteElo "1953"]
[BlackElo "2147"]
[EventDate "2018.07.21"]
[WhiteFideId "436720"]
[BlackFideId "1408380"]

1.e4 c6 2.d4 d5 3.exd5 cxd5 4.Nf3 Nf6 5.Ne5 a6 6.c4 e6 7.Nc3 Be7 8.Be2 O-O
9.a4 dxc4 10.Bxc4 Nbd7 11.O-O Nb6 12.Bb3 Nbd5 13.Bg5 Nxc3 14.bxc3 Bd7 15.
Qf3 Rc8 16.Rfd1 Bc6 17.Nxc6 Rxc6 18.c4 Qa5 19.Bd2 Bb4 20.d5 Rb6 21.c5 Bxd2
22.cxb6 exd5 23.Ra2 Bb4 24.Bxd5 Qxb6 25.Bxb7 a5 26.Rc2 Qe6 27.h3 h6 28.
Rdc1 Qd7 29.Bc6 Qe6 30.Bb5 Ne4 31.Re2 Ng5 32.Qd3 Qf6 33.Rec2 Qe6 34.Bd7 
Qe5 35.Rc8 g6 36.Rxf8+ Bxf8 37.Qb5 Qf4 38.Rc8 Ne4 39.Qb6 Qd2 40.Bb5 Kg7 
41.Qe3 Qxe3 42.fxe3 Bc5 43.Kf1 Bxe3 44.Ke2 Bc5 45.Ra8 Bb4 46.Kd3 Nd6 47.
Kd4 Kf6 48.Kd5 Nf5 49.Kc6 Ne7+ 50.Kb6 Nd5+ 51.Kc6 Ne7+ 52.Kb6 Nd5+ 53.Kb7 
Nc3 54.Bc6 Ke6 55.Kb6 Kd6 56.Rh8 h5 57.Rh7 Ke7 58.Rh8 Kd6 59.Rd8+ Ke6 60.
Ra8 Kd6 61.Rd8+ Ke6 62.Rd3 f5 63.Re3+ Kf6 64.Re8 h4 65.Ra8 Ke5 66.Rxa5+ 
Bxa5+ 67.Kxa5 Kf4 68.Kb4 Nxa4 1/2-1/2

[Event "Xtracon Chess Open 2018"]
[Site "Elsinore"]
[Date "2018.07.29"]
[Round "10"]
[White "Thybo, Thomas Sondergaard"]
[Black "Smeby, Ole"]
[Result "1/2-1/2"]
[WhiteElo "2146"]
[BlackElo "1887"]
[EventDate "2018.07.21"]
[WhiteFideId "1441299"]
[BlackFideId "1503677"]

1.Nf3 Nf6 2.d4 c5 3.c3 cxd4 4.cxd4 d5 5.g3 Bf5 6.Qb3 Qb6 7.Qxb6 axb6 8.Nc3
e6 9.Bf4 Bb4 10.Bd2 O-O 11.Nh4 Bg6 12.Nxg6 hxg6 13.Bg2 Nc6 14.e3 1/2-1/2

[Event "Xtracon Chess Open 2018"]
[Site "Elsinore"]
[Date "2018.07.29"]
[Round "10"]
[White "Sorensen, Bernhard W."]
[Black "Koellner, Aaron Noah"]
[Result "0-1"]
[WhiteElo "1691"]
[BlackElo "1992"]
[EventDate "2018.07.21"]
[WhiteFideId "1442074"]
[BlackFideId "12993085"]

1.d4 d6 2.Bf4 g6 3.e3 Bg7 4.c3 Nd7 5.Bc4 e5 6.dxe5 dxe5 7.Bg3 Qe7 8.Nd2 
Ngf6 9.Ngf3 h6 10.O-O Nh5 11.Bh4 g5 12.Ne1 Ndf6 13.Bg3 c6 14.Qb3 O-O 15.
Be2 Nxg3 16.fxg3 Be6 17.Qc2 Nd5 18.Nc4 b5 19.e4 bxc4 20.exd5 cxd5 21.Bh5 
Qc5+ 22.Kh1 Rab8 23.Qe2 Rb7 24.Rf2 Rfb8 25.Rb1 d4 26.cxd4 exd4 27.Nf3 d3 
28.Qd2 c3 29.Qe1 c2 0-1

[Event "Xtracon Chess Open 2018"]
[Site "Elsinore"]
[Date "2018.07.29"]
[Round "10"]
[White "Sandbech, Ted Henrik"]
[Black "Tummasarson, Flovin M."]
[Result "0-1"]
[WhiteElo "1775"]
[BlackElo "1237"]
[EventDate "2018.07.21"]
[WhiteFideId "1409751"]
[BlackFideId "7202431"]

1.Nf3 d5 2.d4 c6 3.Nc3 Nf6 4.h3 e6 5.Bg5 Nbd7 6.e3 Be7 7.Bd3 h6 8.Bh4 b6 
9.O-O Bb7 10.Bg3 O-O 11.Rc1 c5 12.dxc5 bxc5 13.Be2 a6 14.Ne5 Nxe5 15.Bxe5 
Bd6 16.Bxd6 Qxd6 17.Bf3 Rfd8 18.Qe2 Qb6 19.Na4 Qc7 20.c4 Qa5 21.b3 Rac8 
22.Rfd1 e5 23.cxd5 Nxd5 24.Bxd5 Rxd5 25.Rxd5 Bxd5 26.e4 Be6 27.Qb2 c4 28.
Nc3 cxb3 29.axb3 Qb4 30.Nd5 Rxc1+ 31.Qxc1 Qxb3 32.Ne7+ Kf8 33.Qc7 Qd1+ 34.
Kh2 Qd7 35.Nd5 Qxc7 36.Nxc7 Bc4 37.Kg3 a5 38.Kf3 a4 39.Ke3 a3 0-1

[Event "Xtracon Chess Open 2018"]
[Site "Elsinore"]
[Date "2018.07.29"]
[Round "10"]
[White "Niese, Holger"]
[Black "Myrheim, Hakon Abeland"]
[Result "1/2-1/2"]
[WhiteElo "2140"]
[BlackElo "1888"]
[EventDate "2018.07.21"]
[WhiteFideId "4697057"]
[BlackFideId "1526820"]

1.e4 c5 2.Nf3 Nc6 3.d4 cxd4 4.Nxd4 g6 5.c4 Nf6 6.Nc3 d6 7.Be2 Nxd4 8.Qxd4 
Bg7 9.Be3 O-O 10.Qd2 a5 11.O-O a4 12.Rab1 Be6 13.f3 Qa5 14.Rfc1 Rfc8 15.
Nd5 Qxd2 16.Bxd2 Nxd5 17.cxd5 Bd7 18.Bc3 b5 19.Kf2 Bh6 20.Rd1 Rab8 21.a3 
f5 22.e5 dxe5 23.Bxe5 Rb6 24.f4 Bg7 25.Rbc1 Rxc1 26.Rxc1 Rb7 27.Ke3 b4 28.
axb4 Rxb4 29.Rc7 Bb5 30.Bxb5 Rxb5 31.Rc8+ Kf7 32.d6 Bxe5 33.d7 Rd5 34.d8=Q
Rxd8 35.Rxd8 Bxb2 36.Ra8 a3 37.Kd3 h6 38.Ra6 g5 39.Kc2 e6 40.Ra4 gxf4 41.
Rxf4 Kg6 42.Ra4 e5 43.Kd3 Kg5 44.Ke2 e4 45.Ra6 Kf4 46.Ra5 Kg4 47.Kf2 Bd4+ 
48.Kf1 Bb2 49.Ke2 h5 50.Ra4 h4 51.Kf2 f4 52.h3+ Kf5 53.Ra5+ Ke6 54.Ke2 Kd6
1/2-1/2

[Event "Xtracon Chess Open 2018"]
[Site "Elsinore"]
[Date "2018.07.29"]
[Round "10"]
[White "Mansoor, Afras"]
[Black "Thuesen, Mogens"]
[Result "1-0"]
[WhiteElo "1973"]
[BlackElo "2139"]
[EventDate "2018.07.21"]
[WhiteFideId "1522108"]
[BlackFideId "1400878"]

1.c4 Nf6 2.g3 e6 3.Bg2 d5 4.Nf3 c5 5.cxd5 exd5 6.d4 Nc6 7.O-O Be7 8.b3 O-O
9.Bb2 Re8 10.e3 Bg4 11.dxc5 Bxc5 12.Qc2 Bb6 13.Nc3 d4 14.exd4 Bxf3 15.Bxf3
Nxd4 16.Qd3 Nxf3+ 17.Qxf3 Qd2 18.Na4 Ne4 19.Nxb6 axb6 20.Bc1 Qc2 21.Be3 
Rxa2 22.Rac1 Nd2 23.Qf4 Qb2 24.Rfd1 Nxb3 25.Rc7 Rf8 26.Rxf7 Raa8 27.Rdd7 
Rxf7 28.Qxf7+ Kh8 29.Re7 h6 30.Bxh6 Rg8 31.Bxg7+ 1-0

[Event "Xtracon Chess Open 2018"]
[Site "Elsinore"]
[Date "2018.07.29"]
[Round "10"]
[White "Dishman, Matthew"]
[Black "Petersen, Peter Birk"]
[Result "1/2-1/2"]
[WhiteElo "1820"]
[BlackElo "2128"]
[EventDate "2018.07.21"]
[WhiteFideId "438642"]
[BlackFideId "1401696"]

1.e4 c5 2.Nf3 e6 3.b3 b6 4.Bd3 Bb7 5.O-O Nc6 6.Re1 Nf6 7.e5 Nd5 8.Be4 Nc7 
9.Bb2 Be7 10.d4 cxd4 11.Nxd4 O-O 1/2-1/2

[Event "Xtracon Chess Open 2018"]
[Site "Elsinore"]
[Date "2018.07.29"]
[Round "10"]
[White "Lahlum, Hans Olav"]
[Black "Arndt, Uwe"]
[Result "1-0"]
[WhiteElo "2122"]
[BlackElo "1873"]
[EventDate "2018.07.21"]
[WhiteFideId "1501348"]
[BlackFideId "24647713"]

1.d4 Nf6 2.c4 e5 3.dxe5 Ng4 4.Bf4 Bb4+ 5.Nd2 Nc6 6.Nf3 Qe7 7.a3 Ngxe5 8.
Nxe5 Nxe5 9.e3 Bxd2+ 10.Qxd2 d6 11.Qc3 O-O 12.c5 Bf5 13.Be2 Ng6 14.cxd6 
cxd6 15.Bg3 Rac8 16.Qd4 Ne5 17.O-O Rc2 18.Bd1 Rc5 19.Bb3 b6 20.Rfd1 Rd8 
21.Bd5 Qc7 22.Bxe5 1-0

[Event "Xtracon Chess Open 2018"]
[Site "Elsinore"]
[Date "2018.07.29"]
[Round "10"]
[White "Mai, Aron Thor"]
[Black "Pavlov, Mikhail"]
[Result "1/2-1/2"]
[WhiteElo "2119"]
[BlackElo "1830"]
[EventDate "2018.07.21"]
[WhiteFideId "2313383"]
[BlackFideId "44126573"]

1.e4 e6 2.d4 d5 3.Nc3 Nf6 4.e5 Nfd7 5.f4 c5 6.Nf3 Nc6 7.Be3 Be7 8.Qd2 O-O 
9.dxc5 Bxc5 10.O-O-O Qa5 11.a3 Bxa3 12.bxa3 Qxa3+ 13.Kb1 b5 14.Na2 b4 15.
Qc1 Qa4 16.Nd2 Na5 17.Qb2 Rb8 18.Nc1 Qc6 19.Qd4 Nb6 20.Qc5 Qa4 21.Ncb3 
Nac4 22.Nxc4 dxc4 23.Bxc4 Bd7 24.Rxd7 Qxd7 25.Bb5 Qb7 26.Bc6 Qa6 27.Qa5 
Qc8 28.Bxb6 Qxc6 29.Bd4 Rfc8 30.Rc1 a6 31.Qc5 Qe4 32.Qa7 Rb7 33.Qxa6 Rbc7 
34.Qd3 Qxg2 35.f5 exf5 36.Qxf5 Qd5 37.h4 h6 38.Bb2 Qc4 39.Nd4 Re8 40.Nb3 
Qa6 1/2-1/2

[Event "Xtracon Chess Open 2018"]
[Site "Elsinore"]
[Date "2018.07.29"]
[Round "10"]
[White "Schouten, Mathias Lind"]
[Black "Koellner, Christof"]
[Result "1/2-1/2"]
[WhiteElo "1784"]
[BlackElo "2105"]
[EventDate "2018.07.21"]
[WhiteFideId "1532790"]
[BlackFideId "4635787"]

1.e4 d6 2.d4 Nf6 3.Nc3 e5 4.dxe5 dxe5 5.Qxd8+ Kxd8 6.Nf3 Bd6 7.h3 h6 8.Bc4
Be6 9.Bxe6 fxe6 10.Be3 Ke7 11.O-O-O Nc6 12.Nd2 a6 13.f3 b5 14.Ne2 Na5 15.
g4 Nd7 16.h4 g6 17.Kb1 Nb6 18.Rdf1 Nbc4 19.Nxc4 Nxc4 20.Bc1 a5 21.f4 exf4 
22.Nxf4 Bxf4 23.Rxf4 e5 24.Rf3 Nd6 25.b3 Rh7 26.Rhf1 Rg8 27.Ka1 Nxe4 28.
Re3 Nd6 29.Rxe5+ Kd7 30.Rf6 Re7 31.Rxe7+ Kxe7 32.g5 h5 33.Bf4 Kd7 34.Bxd6 
cxd6 35.Kb2 Kc6 36.Kc3 Kd5 37.Kd3 b4 38.c4+ bxc3 39.Kxc3 Ke5 40.Kd3 a4 41.
bxa4 Ra8 42.Rxg6 Rxa4 43.Rh6 Rxh4 44.g6 Kf6 45.g7+ Kxg7 46.Rxd6 Ra4 47.Ke2
Rxa2+ 48.Kf1 h4 49.Kg1 h3 50.Kh1 h2 51.Rb6 Kf7 52.Rc6 Kg7 53.Rb6 1/2-1/2

[Event "Xtracon Chess Open 2018"]
[Site "Elsinore"]
[Date "2018.07.29"]
[Round "10"]
[White "Klings, Peter"]
[Black "Pettersen, Johan"]
[Result "0-1"]
[WhiteElo "2102"]
[BlackElo "1858"]
[EventDate "2018.07.21"]
[WhiteFideId "4631234"]
[BlackFideId "1522183"]

1.Nf3 Nf6 2.c4 g6 3.Nc3 Bg7 4.d4 O-O 5.Bg5 d6 6.e3 Nbd7 7.Be2 e5 8.O-O h6 
9.Bh4 g5 10.Bg3 Nh5 11.dxe5 Nxg3 12.hxg3 Nxe5 13.Nd4 Bd7 14.Qc2 f5 15.Rad1
c6 16.Qd2 Qe7 17.Rfe1 Rae8 18.b3 g4 19.Bd3 Qg5 20.Nce2 h5 21.Nf4 h4 22.
gxh4 Qxh4 23.Nde2 Rf6 24.Ng3 Rh6 25.Qc2 Nf3+ 26.Kf1 Nd4 0-1

[Event "Xtracon Chess Open 2018"]
[Site "Elsinore"]
[Date "2018.07.29"]
[Round "10"]
[White "Weber, Andreas"]
[Black "Lund, Gunnar"]
[Result "0-1"]
[WhiteElo "1693"]
[BlackElo "2216"]
[EventDate "2018.07.21"]
[WhiteFideId "24652504"]
[BlackFideId "1520814"]

1.e4 d6 2.Nf3 Nf6 3.d3 g6 4.g3 Bg7 5.Bg2 O-O 6.O-O c5 7.Re1 Nc6 8.c3 Rb8 
9.a3 b5 10.b4 Bg4 11.h3 Bxf3 12.Bxf3 Nd7 13.Bg2 a5 14.e5 Qc7 15.bxa5 Nxa5 
16.exd6 Qxd6 17.Ra2 Rfd8 18.Bf4 e5 19.Bg5 f6 20.Be3 Nf8 21.Rd2 Ne6 22.h4 
f5 23.f3 f4 24.gxf4 Nxf4 25.Bxf4 exf4 26.Bh3 Qf6 27.Be6+ Kh8 28.Rh2 Rd6 
29.Bh3 Qxh4 30.Bg4 Qd8 31.Qe2 Rxd3 32.Qe4 Re3 33.Rxe3 fxe3 34.Qxg6 Qd1+ 
35.Kg2 Qe2+ 0-1

[Event "Xtracon Chess Open 2018"]
[Site "Elsinore"]
[Date "2018.07.29"]
[Round "10"]
[White "Andersen, Dag"]
[Black "Moe, Mogens"]
[Result "1/2-1/2"]
[WhiteElo "1915"]
[BlackElo "2199"]
[EventDate "2018.07.21"]
[WhiteFideId "1504568"]
[BlackFideId "1400550"]

1.d4 Nf6 2.Nf3 g6 3.Bg5 c5 4.c3 Bg7 5.Nbd2 cxd4 6.Nxd4 d5 7.e3 O-O 8.Be2 
Qb6 9.Qb3 Nbd7 10.O-O e5 11.N4f3 Qd6 12.Rfd1 Re8 13.h3 Nc5 14.Qa3 Qc7 15.
Bh4 Bf5 16.Ne1 Qc6 17.Rac1 a6 18.b4 Nce4 19.c4 d4 20.Bxf6 Qxf6 21.Nxe4 
Bxe4 22.exd4 exd4 23.Bd3 Bc6 24.Qb3 Qg5 25.Bf1 Re4 26.Nf3 Qh5 27.a4 Rf4 
28.Nh2 b6 29.Re1 Rd8 30.b5 axb5 31.cxb5 Bd5 32.Bc4 Bxc4 33.Qxc4 Qf5 34.Rf1
d3 35.Qc6 Rxa4 36.Qxb6 Rda8 37.Nf3 Bb2 38.Rcd1 Qd5 39.Qc6 Qxc6 40.bxc6 Rc4
1/2-1/2

[Event "Xtracon Chess Open 2018"]
[Site "Elsinore"]
[Date "2018.07.29"]
[Round "10"]
[White "Damm-Frydenberg, Anders"]
[Black "Rossen, Claus"]
[Result "0-1"]
[WhiteElo "1909"]
[BlackElo "2168"]
[EventDate "2018.07.21"]
[WhiteFideId "1462970"]
[BlackFideId "1403222"]

1.e4 d6 2.d4 Nf6 3.Nc3 g6 4.Be3 Bg7 5.Bc4 c6 6.f3 d5 7.Bb3 dxe4 8.Nxe4 O-O
9.Ne2 Nd5 10.Bf2 Bh6 11.c3 Nd7 12.Qd3 a5 13.O-O a4 14.Bc2 b6 15.Rfb1 N7f6 
16.a3 Nxe4 17.fxe4 Nf6 18.Be3 Ba6 19.Qd2 Bg7 20.Ng3 Bc4 21.Bd3 Bxd3 22.
Qxd3 Nd7 23.Rd1 c5 24.Rac1 Qc8 25.Qc4 Qa6 26.Qxa6 Rxa6 27.Ne2 e5 28.d5 f5 
29.exf5 gxf5 30.c4 Ra7 31.Nc3 e4 32.Bf4 Ne5 33.Bxe5 Bxe5 34.Rc2 Rf6 35.g3 
h5 36.Rg2 Kf8 37.Kf1 h4 38.gxh4 Bxc3 39.bxc3 f4 40.Rg4 e3 41.Ke2 Re7 42.
Kf3 e2 43.Re1 Re3+ 44.Kf2 Rxc3 45.Rxe2 Rxc4 46.Rd2 Rd6 47.h5 b5 48.Rg6 Rd7
49.d6 Rd4 50.Rxd4 cxd4 51.h6 b4 52.Rf6+ Kg8 53.Re6 bxa3 54.Re8+ Kh7 55.
Re7+ Kxh6 56.Rxd7 a2 57.Rc7 a1=Q 58.d7 Qa2+ 59.Kf3 Qd5+ 0-1

[Event "Xtracon Chess Open 2018"]
[Site "Elsinore"]
[Date "2018.07.29"]
[Round "10"]
[White "O`Gorman, Alice"]
[Black "Schwerteck, Michael"]
[Result "0-1"]
[WhiteElo "1898"]
[BlackElo "2115"]
[EventDate "2018.07.21"]
[WhiteFideId "2508214"]
[BlackFideId "4687078"]

1.e4 e5 2.Nf3 Nc6 3.Bc4 Nf6 4.d3 Be7 5.c3 d6 6.Bb3 O-O 7.O-O Na5 8.Bc2 c5 
9.Re1 Nc6 10.Nbd2 Re8 11.Nf1 g6 12.Ng3 Bf8 13.h3 d5 14.exd5 Nxd5 15.Ba4 
Qc7 16.d4 cxd4 17.cxd4 Rd8 18.Bxc6 bxc6 19.dxe5 Nb4 20.Qa4 Ba6 21.a3 Bb5 
22.Qb3 Rd3 0-1

[Event "Xtracon Chess Open 2018"]
[Site "Elsinore"]
[Date "2018.07.29"]
[Round "10"]
[White "Johansen, Oivind"]
[Black "Christensen, Jacob Foged"]
[Result "0-1"]
[WhiteElo "2105"]
[BlackElo "1916"]
[EventDate "2018.07.21"]
[WhiteFideId "1501119"]
[BlackFideId "1439073"]

1.d4 Nf6 2.c4 g6 3.g3 Bg7 4.Bg2 O-O 5.Nf3 d6 6.O-O Nbd7 7.Nc3 e5 8.e4 Re8 
9.h3 exd4 10.Nxd4 Ne5 11.b3 Bd7 12.f4 Nc6 13.Nc2 Qc8 14.h4 Bh3 15.Qd3 Bxg2
16.Kxg2 a5 17.Rb1 Nb4 18.Nxb4 axb4 19.Na4 Nxe4 20.Bb2 Qg4 21.Bxg7 Kxg7 22.
Rb2 f6 23.f5 gxf5 24.Rf4 Qg6 25.Qf3 Ra5 26.Kh2 h5 27.Rg2 Rae5 28.Nb2 Nc5 
29.Nd1 Kf7 30.Rf2 Rg8 31.Ne3 Nd3 32.Nd5 Nxf2 33.Qxf2 Re2 0-1

[Event "Xtracon Chess Open 2018"]
[Site "Elsinore"]
[Date "2018.07.29"]
[Round "10"]
[White "Moller, Arne Vang"]
[Black "Jensen, Tobias Ilsoe"]
[Result "0-1"]
[WhiteElo "1890"]
[BlackElo "2102"]
[EventDate "2018.07.21"]
[WhiteFideId "1406175"]
[BlackFideId "1437127"]

1.e4 c5 2.Nf3 d6 3.d4 cxd4 4.Nxd4 Nf6 5.Nc3 a6 6.Be2 e5 7.Nb3 Be7 8.O-O 
O-O 9.Be3 Be6 10.f4 exf4 11.Bxf4 Nc6 12.Kh1 b5 13.Bf3 Ne5 14.Bxe5 dxe5 15.
Nd5 Bxd5 16.exd5 e4 17.Be2 Qxd5 18.Qe1 Qe5 19.c3 Bd6 20.g3 Nd5 21.Qd2 Rad8
22.Nd4 Ne7 23.Rae1 Bc5 24.Bd3 f5 25.Bc2 Bxd4 26.cxd4 Rxd4 27.Bb3+ Kh8 28.
Qg5 Qf6 29.Qf4 Ng6 30.Qc7 Ne5 31.Rc1 Rd2 32.Rc2 Rxc2 33.Bxc2 Nf3 34.g4 g6 
35.gxf5 gxf5 36.b4 Qg7 37.Qxg7+ Kxg7 38.Bd1 Nd2 39.Rf4 Rc8 40.Bb3 Nxb3 41.
axb3 Rc1+ 42.Kg2 Rc2+ 43.Kg1 Kg6 44.h4 Rb2 0-1

[Event "Xtracon Chess Open 2018"]
[Site "Elsinore"]
[Date "2018.07.29"]
[Round "10"]
[White "Christensen, Verner"]
[Black "Christiansen, Jens Jorgen"]
[Result "0-1"]
[WhiteElo "1886"]
[BlackElo "2086"]
[EventDate "2018.07.21"]
[WhiteFideId "1416006"]
[BlackFideId "1401670"]

1.e4 c6 2.Nc3 d5 3.Nf3 dxe4 4.Nxe4 Nf6 5.Nxf6+ exf6 6.d4 Bd6 7.Bc4 O-O 8.
O-O Bg4 9.h3 Bh5 10.c3 Nd7 11.Bd3 Nb6 12.g4 Bg6 13.Nh4 Bxd3 14.Qxd3 g6 15.
Nf3 Re8 16.Bd2 Qd7 17.Rfe1 h5 18.Nh2 Bxh2+ 19.Kxh2 hxg4 20.Rg1 f5 21.Rg3 
Kg7 22.Bf4 Nd5 23.Bd2 Nf6 24.Rag1 Ne4 25.hxg4 Nxg3 26.Rxg3 fxg4 27.f3 Qf5 
28.Qxf5 Re2+ 0-1

[Event "Xtracon Chess Open 2018"]
[Site "Elsinore"]
[Date "2018.07.29"]
[Round "10"]
[White "Jensen, Thore Nyboe"]
[Black "Voll, Oddvar U"]
[Result "1-0"]
[WhiteElo "2072"]
[BlackElo "1915"]
[EventDate "2018.07.21"]
[WhiteFideId "1405349"]
[BlackFideId "1533827"]

1.e4 d5 2.exd5 Nf6 3.d4 Bg4 4.f3 Bf5 5.Bb5+ Nbd7 6.c4 e6 7.dxe6 Bxe6 8.d5 
Bf5 9.Be3 Bb4+ 10.Kf2 O-O 11.Bxd7 Nxd7 12.Bd4 Nc5 13.g3 Nd3+ 14.Kg2 Ne1+ 
15.Kf2 Nc2 16.Nc3 Nxa1 17.Qxa1 Qe7 18.Nge2 Bd3 19.b3 Bc5 20.Rd1 Bxe2 21.
Nxe2 Rfe8 22.Rd2 Rad8 23.Bxc5 Qxc5+ 24.Qd4 Qxd4+ 25.Nxd4 Re7 26.b4 a6 27.
a4 Red7 28.Ke3 g6 29.Nb3 b5 30.Nc5 Rd6 31.Kd4 bxc4 32.Kxc4 c6 33.Ne4 cxd5+
34.Rxd5 Rc8+ 35.Rc5 Rdc6 36.b5 axb5+ 37.axb5 Rxc5+ 38.Nxc5 Kf8 39.b6 Ke7 
40.b7 Rb8 41.Kd5 Kd8 42.Kc6 1-0

[Event "Xtracon Chess Open 2018"]
[Site "Elsinore"]
[Date "2018.07.29"]
[Round "10"]
[White "Kittilsen, Sigurd"]
[Black "Jessen, Alexander"]
[Result "0-1"]
[WhiteElo "1893"]
[BlackElo "2071"]
[EventDate "2018.07.21"]
[WhiteFideId "1515624"]
[BlackFideId "1437917"]

1.e4 e6 2.d4 d5 3.Nd2 Nf6 4.e5 Nfd7 5.Bd3 c5 6.c3 Nc6 7.Ne2 cxd4 8.cxd4 f6
9.exf6 Nxf6 10.Nf3 Bd6 11.O-O Qc7 12.h3 O-O 13.Be3 Bd7 14.Re1 Be8 15.Ng5 
Qe7 16.Bf4 h6 17.Nf3 Bh5 18.Bxd6 Qxd6 19.Ng3 Bxf3 20.Qxf3 Nxd4 21.Qe3 Qb6 
22.Ne2 Nxe2+ 23.Rxe2 Qxe3 24.Rxe3 Kf7 25.Rae1 Rae8 26.h4 g5 27.hxg5 hxg5 
28.Rg3 Rg8 29.Re5 g4 30.Be2 Rg7 31.Rb3 Re7 32.f3 g3 33.f4 Ne4 34.Bf3 Rc7 
35.Rd3 Nf2 36.Rc3 Kf6 37.Kf1 d4 38.Rxc7 Rxc7 39.Rg5 Rc1+ 40.Ke2 d3+ 41.Ke3
Rc2 42.Rg8 Ke7 43.Rxg3 d2 44.Rg7+ Kd6 45.Rxb7 d1=Q 46.Bxd1 Nxd1+ 47.Kd3 
Rxb2 48.Rxa7 Rxg2 49.a4 Ra2 50.Ra6+ Ke7 51.Kd4 Rd2+ 52.Ke5 Rd5+ 53.Ke4 
Nc3+ 54.Ke3 Rf5 55.Ra7+ Kf6 56.a5 Nd5+ 57.Kd3 Rxf4 58.Ra8 Ra4 59.Kd2 Nb6 
60.Rb8 Nc4+ 61.Kc3 Nxa5 62.Ra8 Ke5 63.Kd3 Ra3+ 64.Ke2 Nc4 65.Rc8 Kd5 66.
Rd8+ Ke4 67.Rc8 Ra2+ 68.Kd1 Ne3+ 69.Ke1 e5 70.Re8 Nd5 71.Rb8 Kf3 72.Rb3+ 
Ne3 73.Rb2 Ra1+ 74.Kd2 Nc4+ 0-1

[Event "Xtracon Chess Open 2018"]
[Site "Elsinore"]
[Date "2018.07.29"]
[Round "10"]
[White "Salerno, Christian"]
[Black "Meyer, Juergen"]
[Result "1/2-1/2"]
[WhiteElo "2070"]
[BlackElo "1908"]
[EventDate "2018.07.21"]
[WhiteFideId "1310810"]
[BlackFideId "24661759"]

1.e4 e6 2.Nf3 d5 3.Nc3 d4 4.Ne2 c5 5.c3 Nc6 6.cxd4 Nf6 7.d3 cxd4 8.Qa4 Bc5
9.Bd2 a6 10.Rc1 Ba7 11.Ng3 O-O 12.Be2 Bd7 13.Qa3 h6 14.O-O Rc8 15.h3 Qe7 
16.Qxe7 Nxe7 17.Bb4 Rxc1 18.Rxc1 Rc8 19.Rxc8+ Nxc8 20.Nf1 Nh7 21.N1d2 f6 
22.Bd1 Ng5 23.Bb3 Nxf3+ 24.Nxf3 g5 25.g4 Kg7 26.Kf1 e5 27.Bd5 b6 28.Bb7 a5
29.Bxc8 Bxc8 30.Bd6 h5 31.Nh2 h4 32.f3 1/2-1/2